000
00269nam a22001097a 4500
082
_a
621.3815287 THY'R
100
_a
RCA
_9
73709
245
_a
THYRISTORS RECTIFIERS SLECTION GUIDE DATA AND APPLICATION NOTES
260
_a
USA
_b
RCA
_c
1990
300
_a
502P
942
_c
BK
999
_c
579938
_d
579938